Top 70 Dictators with more time in office - Statistics

General Stats
  • This quiz has been taken 83 times
  • The average score is 14 of 70
Answer Stats
Country Year Dictator % Correct
Cuba (1959-2008) 1 Fidel Castro
90%
North Korea (1948-1994) 4 Kim Il Sung
85%
Spain (1936-1975) 12 Francisco Franco
79%
Libya (1969-2011) 7 Muammar Gaddafi
71%
Soviet Union (1922-1953) 31 Joseph Stalin
65%
China (1949-1976) 46 Mao Zedong
63%
Vietnam (1945-1969) 52 Ho Chi Minh
61%
Russia (1999-) 57 Vladimir Putin
60%
Syria (2000-) 64 Bashar al Assad
53%
Zimbabwe (1980-2017) 16 Robert Mugabe
53%
Iraq (1979-2003) 54 Saddam Hussein
53%
China(Taiwan) (1928-1975) 3 Chiang Kai-shek
52%
Egypt (1981-2011) 39 Hosni Mubarak
37%
Indonesia (1967-1998) 30 Suharto
35%
Albania (1944-1985) 10 Enver Hoxha
32%
Zaire(Congo DR) (1965-1997) 27 Mobutu Sese Seko
32%
Iran (1981-) 9 Ali Khamenei
31%
Indonesia (1945-1967) 66 Sukarno
27%
Phillipines (1965-1989) 70 Ferdinand Marcos
26%
Nicaragua (2007-) 48 Daniel Ortega
23%
Cameroon (1982-) 11 Paul Biya
21%
Belarus (1994-) 41 Alexander Lukashenko
19%
Syria (1970-2000) 38 Hafez al-Assad
18%
Sudan (1989-2019) 37 Omar al Bashir
18%
Rwanda (2000-) 61 Paul Kagame
18%
Dominican Republic (1930-1961) 32 Rafael Trujillo
16%
Tajikistan (1992-) 36 Emomali Rahmon
15%
Equatorial Guinea (1979-) 6 Teodoro Obiang
15%
Paraguay (1954-1989) 22 Alfredo Stroessner
13%
Cambodia (1984-) 15 Hun Sen
13%
Romania (1965-1989) 50 Nicolae Ceaușescu
13%
Kazakhstan (1990-2019) 40 Nursultan Nazarbayev
13%
Portugal (1932-1968) 18 António de Oliveira Salazar
11%
Uzbekistan (1990-2016) 47 Islam Karimov
11%
Mexico (1876-1911) 21 Porfirio Díaz
11%
Yemen (1978-2012) 23 Ali Abdullah Saleh
10%
Chad (1990-2021) 33 Idriss Deby
10%
Gabon (1967-2009) 8 Omar Bongo
10%
Bulgaria (1954-1989) 19 Todor Zhivkov
10%
Uganda (1986-) 17 Yoweri Museveni
10%
Burkina faso (1987-2014) 43 Blaise Compaore
8%
Kenya (1978-2002) 51 Daniel arap Moi
8%
Angola (1979-2017) 14 José Eduardo dos Santos
8%
Tanzania (1962-1985) 58 Julius Nyerere
8%
Tunisia (1987-2011) 56 Zine Ben Ali
8%
Ivory Coast (1960-1993) 24 Félix Houphouet-Boigny
6%
Seychelles (1976-2004) 42 France-Albert René
6%
Hungary (1956-1988) 26 János Kádár
6%
Zambia (1964-1991) 44 Kenneth Kaunda
6%
Czechoslovakia (1969-1989) 68 Gustáv Husák
5%
Djibouti (1999-) 55 Ismaïl Omar Guelleh
5%
Senegal (1970-2000) 34 Abdou Diouf
3%
Congo (1979-1982) 13 Denis Sassou-Nguesso
3%
Malawi (1963-1994) 29 Hastings Kamuzu Banda
3%
Yugoslavia (1944-1980) 20 Jozip Broz Tito
3%
Venezuela (1908-1935) 45 Juan Vicente Gómez
3%
Lesotho (1965-1986) 69 Leabua Jonathan
3%
Somalia (1969-1991) 67 Mohamed Siad Barre
3%
Portugal (1926-1951) 49 Oscar Carmona
3%
Gambia (1994-2017) 60 Yahya Jammeh
3%
Cameroon (1960-1982) 59 Ahmadou Ahidjo
2%
Gambia (1962-1994) 25 Dawda Jawara
2%
Namibia (1990-) 63 Hage Geingob
2%
Djibouti (1977-1999) 65 Hassan Gouled Aptidon
2%
Eritrea (1991-) 28 Isaías Afewerki
2%
Maldives (1978-2008) 35 Maumoon Abdul Gayoom
2%
Mali (1968-1991) 62 Moussa Traoré
2%
Bahrain (1971-2020) 2 Jalifa bin Salman
0%
Poland (1954-1972) 53 Jozef Cyrankiewicz
0%
Mongolia (1940-1984) 5 Yumjaagiyn Tsedenbal
0%
No matching quizzes found
Score Distribution
Percent of People with Each Score
Percentile by Number Answered
Your Score History
You have not taken this quiz